000 00448nam a2200157 i 4500
001 90770
003 ES-MaACL
005 20230906180545.0
007 t|
008 050124s1971 sp ||||1| spa d
100 1 _aLeclercq, Jacques.
_971094
245 1 0 _a¿Dónde va nuestra Iglesia? /
_cJacques Leclercq ; traducción por Diorki.
260 _aMadrid :
_bStudium,
_c[1971]
300 _a203 p. ;
_c19 cm.
852 _aES-MaACL
_jC-48161
_bR.77140
999 _c90770
_d90770